00738nam a22002177a 450000500170000001000150001702000110003203500140004303700090005708200120006610000340007824500900011225000060020226000390020827000360024730000280028370000340031194200260034599900190037195201300039020240521152043.0 aENG-140419 c225.00 aEN-123950 bDBAD a954.083 aChakrabarty, Ramakanta966654 aThe Mutinies And The People/cby Ramakanta ChakrabartybStatements Of Native Fidelity a2 aKolkatabThe Asiatic Societyc2010 a1, Park StreetbKolkatae700016 axvii,175 p.c22cm, (hb} aChakrabarty, Ramakanta966297 2ddccENh954.083mCHA c203115d203115 001040708NFICaBNbBNd2024-05-21eDBADg225.00l0o954.083 CHApEN-123950r2024-05-21 00:00:00t1v225.00w2024-05-21yEN